000 00624nam a2200229Ia 4500
005 20250108125154.0
008 008 250107s9999 xx 000 0 eng d
020 _a978-93-315-0263-0
037 _aTB
040 _aCRL
_beng
_cCRL
041 _aeng
_2eng
084 _aI:4 Q8
084 _qCRL
100 _aKanjilal Paratik Ed.
_9730519
245 0 _aSocial media in a networked world
_cKanjilal Paratik Ed.
260 _aDelhi, India
_bIIC Quarterly
_c3531
300 _aviii,210p.
365 _aINR
_b14000
650 _aSOCIAL NETWORKING
_9583367
942 _cTB
_hI:4 Q8
999 _c1235919
_d1235919